000 00368nam a2200133Ia 4500
008 100328s9999 xx 000 0 und d
082 _b7141
100 _aवरेरकर भार्गवराम विठ्ठल
245 _aकरग्रहण
260 _b---
630 _aकरग्रहण
730 _aकरग्रहण
942 _cBOOK
999 _c502991
_d502988